000 00945nam a22003017a 4500
001 5743
003 FISKH
005 20250117103455.0
008 250117b cb ||||| |||| 00| 0 eng d
020 _a9780439812962
040 _aFISKH
_beng
_cFISKH
_dFISKH
050 _aD743.7
082 _a940.53
100 _aDowswell, Paul
245 _aThe usborne introduction to the second World War /
_cby Paul Dowswell
250 _aFirst Scholastic printing, September 2005
260 _aLondon :
_bUsborne Publishing Ltd ;
_c2005.
300 _a128 pages :
_bcolor illustrations ;
_c28 cm .
490 _aUsborne Introductions
505 _aZ
520 _aIllustrated account of the major events associated with the Second World War.
521 8 _a1120
_bLexile
521 8 _aZ
_bRaz-Plus
650 _aworld history
_vnon-fiction
700 _aRolland, Leonard Le
_edesigner
942 _2ddc
_cBK
_n0
999 _c5743
_d5743